000 02213cam a2200265 4500500
005 20251228073552.0
041 _afre
042 _adc
100 1 0 _aGherovici, Patricia
_eauthor
245 0 0 _aSans foi ni loi : psychanalyse et cinéma en Argentine
260 _c2014.
500 _a25
520 _aFace à l’énorme popularité de la psychanalyse en Argentine, on peut se poser la question de savoir si la psychanalyse n’a pas occupé l’espace de la politique en raison d’une certaine carence de la loi. Il s’agirait alors d’une politique réduite à son aspect culturel. Elle a peut-être aussi remplacé la religion. Je commenterai deux films récents afin d’explorer les rapports complexes à la loi qu’entretient la culture argentine. La popularité de la psychanalyse serait-elle un symptôme du vide de la loi ?Films commentés : La Fuga (2001, Eduardo Mignogna) et El Secreto de sus Ojos (2009, Juan José Campanella).
520 _aFearing neither God nor Man: psychoanalysis and cinema in ArgentinaGiven the huge popularity of psychoanalysis in Argentina, one can wonder whether it has not replaced politics. Could psychoanalysis have come to inhabit a site where politics is reduced to its cultural aspect? Or has it replaced religion? Rejecting these two theses, I argue that psychoanalysis is important because of its foundational link to the Law. To show this, I will discuss two recent Argentine films. They will allow me to explore the complex relations Argentine culture entertains with the Law. I will suggest that psychoanalysis is popular because it is a symptom of the void of the Law. The films analysed shall be: La Fuga (2001, Eduardo Mignona) and El Secreto de sus Ojos (2009, Juan Jose Campanella)
690 _aétat d'exception
690 _aloi
690 _apsychanalyse en Argentine
690 _aterrorisme d'État
690 _apsychoanalysis in Argentina
690 _astate of exception
690 _astate terrorism
690 _athe Law
786 0 _nSavoirs et clinique | 17 | 1 | 2014-11-03 | p. 101-107 | 1634-3298
856 4 1 _uhttps://shs.cairn.info/revue-savoirs-et-cliniques-2014-1-page-101?lang=fr&redirect-ssocas=7080
999 _c1595434
_d1595434